000 00578nam a2200241Ia 4500
003 OSt
005 20220918194837.0
006 a|||||r|||| 00| 0
007 ta
008 220917b |||||||| |||| 00| 0 eng d
024 _a81,943
037 _cTextual
040 _aARTS
_cARTS
_beng
041 _2eng
_aeng
082 _aS:7:6, K82
100 _aBording Edward S
_987459
245 0 _aPsychological couseling
250 _a2nd
260 _c1968
650 _aPSYCHOLOGY
942 _hS:7:6, K82
_cTEXL
_2CC
999 _c205665
_d205665